« Retourner aux résultats de recherche
Celtes et Gaulois
un apport essentiel à la civilisation occidentale
| Auteur principal: | Lionel Dumarcet |
|---|---|
| Support: | Livres |
| Langue: | Francais |
| Publié: |
2004 De Vecchi Paris |
| Genre: |
Documentaire |
| Collection: |
Focus de l'histoire |
| Sujets: | |
| Étiquettes: |
Ajouter
Pas de Tags !
|
| LEADER | 00924nam0a2200205 450 | ||
|---|---|---|---|
| 001 | 16848310 | ||
| 010 | |a 2-7328-3470-X |b Br. |d 11 | ||
| 100 | |a 20041025d2004 u u0frey01 ba | ||
| 101 | 0 | |a fre | |
| 102 | |a FR | ||
| 200 | 0 | |a Celtes et Gaulois |e un apport essentiel à la civilisation occidentale |f Lionel Dumarcet | |
| 207 | 1 | |a | |
| 210 | |a Paris |c De Vecchi |d 2004 | ||
| 215 | |a 128 p. |c ill. en nb. |d 21 x 15 cm | ||
| 225 | 1 | |a Focus de l'histoire | |
| 330 | |a Présente par une soixantaine de fiches illustrées, la vie des Celtes, dont celle des Gaulois qui s'installèrent sur le territoire de l'actuelle France. Sont abordés l'agriculture, la religion, les arts, les expéditions, la langue, le commerce, la navigation... | ||
| 700 | 0 | |a Dumarcet |b Lionel |4 70 | |
| 900 | |a Documentaire | ||
| 901 | |a Accessible au prêt | ||
| 995 | |a Bibliothèque |c Bibliothèque |f 00156006266464 |h 00156006266464 |k 936 DUM |o p |q a |r az |e Bibliothèque | ||
